[Event "Candidates qf Kasparov-Beliavsky+4-1=4"]
[Site "Moscow"]
[Date "1983.03.05"]
[Round "4"]
[White "Beliavsky, Alexander G"]
[Black "Kasparov, Garry"]
[Result "1-0"]
[WhiteElo "2570"]
[BlackElo "2690"]
[Annotator "Kasparov,Garry"]
[PlyCount "75"]
[EventDate "1983.02.27"]
[EventType "match"]
[EventRounds "9"]
[EventCountry "URS"]
[SourceTitle "Candidates"]
[Source "ChessBase"]
[SourceDate "1999.07.01"]
[SourceVersion "2"]
[SourceVersionDate "1999.07.01"]
[SourceQuality "1"]

1. d4 Nf6 2. c4 e6 3. Nc3 Bb4 4. e3 O-O 5. Bd3 c5 6. Nf3 d5 7. O-O dxc4 8. Bxc4 cxd4 9. exd4 b6 10. Qe2 Bb7 11. Rd1 Bxc3 12. bxc3 Qc7 13. Bd3 $1 Qxc3 14. Bb2 Qc7 15. d5 $1 Bxd5 16. Bxf6 gxf6 17. Qe3 $1 Kg7 18. Rac1 Nc6 $146 ({RR} 18... Qd6 19. Bxh7 Nc6 20. Rxc6 Qxc6 21. Ne5 fxe5 22. Qg5+ Kxh7 23. Qh5+ Kg7 24. Qg5+ Kh7 25. Qh5+ Kg7 26. Qg5+ Kh7 {½-½ (26) Timofeev,A (2600)-Shomoev,A (2568) Khanty-Mansiysk 2012}) 19. Be4 $2 ({Alle Vorteile der weißen Position konnten hier mittels} 19. Nd4 $1 {abgesichert werden. Danach wäre es für Schwarz nicht einfach gewesen, eine hinreichende Verteidigung gegen alle weißen Drohungen zu finden.}) 19... Qd6 $1 20. Bxd5 exd5 21. Rc4 Qd7 $2 (21... Ne7 $142 $1 {z.B.:} 22. Rh4 Nf5 23. Rg4+ Kh8 24. Qd3 Ne7) 22. Rh4 Qf5 23. Rxd5 $6 (23. Qh6+ $142 Kh8 24. Rf4 Qg6 25. Qh4 f5 26. Qh3 $1 (26. Rxd5 $2 Rad8)) 23... Ne5 $2 (23... Qb1+ 24. Ne1 Kh8 (24... Rg8 $5 25. Rdh5 (25. Rd3 Kf8 $1 (25... Kh8 $2 26. Rxh7+ Kxh7 27. Qe4+ {[%csl Rb1][%cal Ye4b1,Ge4h7]}) 26. Rxh7 Ne5 27. Qh6+ Ke7 28. Re3 Rac8 $13) 25... Kf8 $1 26. Rxh7 Re8 27. Qh6+ Ke7 $13) 25. Rdh5 Rfe8 26. Rxh7+ Qxh7 27. Rxh7+ Kxh7 28. Qh3+ Kg7 $13) 24. h3 $1 Rfe8 $1 25. Nd4 Qg6 26. Qf4 (26. Qd2 $2 Rad8 $1 27. Rxd8 Rxd8 28. Nf5+ Qxf5 29. Qxd8 Qg5 $15 30. Re4 $4 Nf3+ 31. Kf1 Qb5+ 32. Re2 Qb1+ 33. Re1 Qxe1#) 26... Rad8 (26... Rac8 $2 27. Nf5+ Kh8 28. Nd6 Red8 (28... Rg8 {[%eval 732,0] Nimzo} 29. g3 Rc5 $14) 29. Rh6 {mit Zertrümmerung der schwarzen Stellung.}) 27. Nf5+ Kh8 28. Rxd8 Rxd8 29. Qe4 $1 Rc8 $1 (29... b5 $143 30. Kh2 $1 (30. f4 $2 Nf3+ $1) (30. g4 $2 Qg8 $1 31. Rh6 Ng6 32. Qc6 Rd1+ 33. Kg2 Qd8 {und Schwarz kann sich behaupten}) 30... a5 31. g4 $1 {[%csl Rf6][%cal Yh4h6,Yf2f4]}) 30. Kh2 Rc4 31. Qa8+ Qg8 32. Qxa7 Rxh4 33. Nxh4 Qg5 34. Qa8+ $1 Kg7 35. Qe4 h5 $4 ({Das naheliegende} 35... Ng6 {führte nach} 36. Nf5+ Kg8 37. Qa8+ Nf8 {zu einer Position, in der Weiß dank seiner besseren Bauernstruktur und angesichts des machtvollen Springers ein gewaltiges positionelles Übergewicht erhält, aber das reduzierte Material erlaubt es Schwarz zumindest noch, auf eine Rettung zu hoffen.}) 36. Nf5+ Kg6 37. Ne7+ Kh6 38. f4 1-0

[Event "RUS-ch 57th"]
[Site "Moscow"]
[Date "2004.11.20"]
[Round "5"]
[White "Epishin, Vladimir"]
[Black "Kasparov, Garry"]
[Result "1/2-1/2"]
[WhiteElo "2599"]
[BlackElo "2813"]
[PlyCount "83"]
[EventDate "2004.11.15"]
[EventType "tourn"]
[EventRounds "11"]
[EventCountry "RUS"]
[EventCategory "18"]
[SourceTitle "CBM 104"]
[Source "ChessBase"]
[SourceDate "2005.01.27"]
[SourceVersion "1"]
[SourceVersionDate "2005.01.27"]
[SourceQuality "1"]

1. d4 Nf6 2. c4 e6 3. Nc3 Bb4 4. e3 O-O 5. Nge2 d5 6. a3 Bd6 7. c5 Be7 8. b4 c6 9. Nf4 b6 10. Be2 a5 11. Rb1 axb4 12. axb4 Ba6 13. O-O Nbd7 14. Bxa6 $146 ({RR} 14. Bb2 Bxe2 15. Qxe2 Qc7 16. Ra1 Qb7 17. g3 Rfb8 18. Rxa8 Rxa8 19. Ra1 Ne4 20. Qd1 Rxa1 21. Qxa1 Nd2 22. Kg2 Nc4 23. Bc1 bxc5 24. bxc5 e5 25. Nfe2 h5 26. Qb1 Qc8 27. h3 Nf6 28. f3 Nh7 {Piasetski,L (2299)-Arizmendi Martinez,J (2561) Lille 2011 0-1 (39)}) 14... Rxa6 15. Bb2 Qc7 16. Nd3 Rfa8 17. f3 R6a7 18. Kh1 bxc5 19. bxc5 Rb8 20. Rc1 Qc8 21. Qc2 Rab7 22. Ra1 e5 23. Bc1 e4 24. fxe4 Nxe4 25. Nxe4 dxe4 26. Nb2 Nf6 27. Nc4 Qe6 28. Bd2 Bd8 29. Ba5 Bxa5 30. Rxa5 Nd5 31. h3 Nb4 32. Qe2 Nd3 33. Nb6 g6 34. Qa2 Qxa2 35. Rxa2 f5 36. g4 f4 37. exf4 Rd8 38. f5 Rxd4 39. Ra8+ Kf7 40. fxg6+ Kxg6 41. Rg8+ Rg7 42. Rc8 1/2-1/2

[Event "Linares 09th"]
[Site "Linares"]
[Date "1991.??.??"]
[Round "4"]
[White "Gurevich, Mikhail"]
[Black "Kasparov, Garry"]
[Result "0-1"]
[WhiteElo "2650"]
[BlackElo "2800"]
[Annotator "Ftacnik,Lubomir"]
[PlyCount "84"]
[EventDate "1991.02.??"]
[EventType "tourn"]
[EventRounds "13"]
[EventCountry "ESP"]
[EventCategory "17"]
[SourceTitle "CBM 022"]
[Source "ChessBase"]
[SourceDate "1991.06.01"]
[SourceVersion "1"]
[SourceVersionDate "1991.06.01"]
[SourceQuality "1"]

1. d4 Nf6 2. Nf3 e6 3. c4 b6 4. Nc3 Bb4 5. Qb3 c5 6. a3 Bxc3+ 7. Qxc3 O-O (7... d6 8. Bg5 Nbd7 9. dxc5 $6 (9. O-O-O Ne4 10. Qe3) 9... bxc5 10. e3 a5 $1 11. b3 O-O 12. Nd2 Bb7 13. f3 Qb6 14. Be2 d5 $10 {Tukmakov,V-Browne,W/Las Palmas/1982/}) 8. g3 $146 (8. Bg5 $5 cxd4 9. Nxd4 Ne4 10. Bxd8 Nxc3 11. Be7 $1 (11. Bxb6 Na4 12. Ba5 Nxb2 13. e3 Ba6 14. Nb5 Bxb5 15. cxb5 Rc8 16. Kd2 d5 17. Be2 Nd7 $10) 11... Re8 12. Bb4 Na4 13. Nb5 Na6 14. b3 N4c5 15. Bxc5 bxc5 16. Nd6 Rd8 17. h4 $1 $14) ({RR} 8. dxc5 bxc5 9. g3 Qe7 10. Bg2 d5 11. Qc2 Nbd7 12. O-O a5 13. Ng5 Bb7 14. Rd1 Ra7 15. Bd2 a4 16. e3 Rb8 17. Bc3 h6 18. Nf3 Ne4 19. Ne5 Ndf6 20. cxd5 Bxd5 21. Rxd5 exd5 22. Nc6 Qb7 {Kharitonov,A-Aseev,K (2390) Vilnius 1984 1-0 (40)}) ({RR} 8. e3 Bb7 9. Be2 d6 10. O-O Nbd7 11. b4 Ne4 12. Qb3 Qc7 13. Nd2 Nxd2 14. Bxd2 d5 15. Rac1 dxc4 16. Qxc4 Rfc8 17. dxc5 bxc5 18. Bc3 Nb6 19. Qg4 f5 20. Qg5 cxb4 21. Bd4 Qd7 22. axb4 Nd5 {Sokolov,I (2695)-Hjartarson,J (2640) Germany 2004 1-0 (35)}) ({RR} 8. e3 Bb7 9. Be2 Re8 10. O-O d6 11. b3 Nbd7 12. Bb2 Qc7 13. b4 Rac8 14. dxc5 bxc5 15. b5 d5 16. a4 e5 17. cxd5 Nxd5 18. Qc4 N5f6 19. Rfc1 Bd5 20. Qh4 Qd6 21. Nd2 Nb6 22. Nc4 Nxc4 {Kalinin,D (2118)-Viana,V (1923) chess.com INT 2024 1-0 (56)}) ({RR} 8. e3 d6 9. b4 Nbd7 10. Bb2 Ba6 11. dxc5 bxc5 12. b5 Bb7 13. Be2 e5 14. O-O Ne4 15. Qc2 f5 16. Ne1 Qg5 17. Rd1 a6 {½-½ (17) Seirawan,Y (2605)-Van der Wiel,J (2555) Wijk aan Zee 1986}) 8... cxd4 9. Qxd4 Nc6 10. Qh4 Bb7 11. Bg2 Rc8 12. Bd2 (12. b4 d5 (12... Ne5 $6 13. Nxe5 Bxg2 14. Rg1 Bb7 15. Bg5 $16) 13. cxd5 Nxd5 14. Bg5 $13) 12... Na5 $1 13. Bxa5 bxa5 14. b4 $2 (14. O-O a4 15. Rfd1 $10) 14... Qc7 $1 15. c5 (15. Rc1 axb4 16. axb4 a5 $1) 15... d6 16. Rc1 axb4 17. axb4 dxc5 $1 (17... a5 18. c6 $1 axb4 (18... Bxc6 19. b5 Bxf3 20. Rxc7 Bxg2 21. Rxc8 Rxc8 22. Rg1 Rc1+ 23. Kd2 Rxg1 24. f3 Rb1 25. Qa4 $13) 19. Nd4 $13) 18. Rxc5 Qb6 19. Rxc8 Rxc8 20. O-O Ba6 21. Ne5 (21. Re1 Rc4) 21... Bxe2 22. Re1 Bb5 23. Qf4 h6 24. h4 Be8 25. g4 Rd8 26. g5 Rd4 27. Qf3 hxg5 28. hxg5 Nd5 29. Rc1 Qb8 30. Qg3 Nf4 31. Qe3 Qd8 32. Nf3 Rxb4 33. Bf1 Nd5 34. Qxa7 $138 Rg4+ 35. Kh1 Nf4 36. Qb7 Kh7 37. Qe4+ f5 38. gxf6+ Bg6 39. Qb7 Qxf6 40. Re1 Nd5 (40... Nd3 $1 $19) 41. Bg2 Nf4 42. Bf1 Nd3 $1 {Ftacnik,L} 0-1

[Event "EU-Cup 19th"]
[Site "Rethymno"]
[Date "2003.10.04"]
[Round "7.1"]
[White "Ivanchuk, Vassily"]
[Black "Kasparov, Garry"]
[Result "1/2-1/2"]
[WhiteElo "2710"]
[BlackElo "2830"]
[Annotator "Postny,Evgeny"]
[PlyCount "83"]
[EventDate "2003.09.28"]
[EventType "team-swiss"]
[EventRounds "7"]
[EventCountry "GRE"]
[SourceTitle "CBM 098"]
[Source "ChessBase"]
[SourceDate "2004.02.03"]
[SourceVersion "1"]
[SourceVersionDate "2004.02.03"]
[SourceQuality "1"]
[WhiteTeam "Warsaw Polonia"]
[BlackTeam "Kazan Ladya"]
[WhiteTeamCountry "POL"]
[BlackTeamCountry "RUS"]

1. d4 {Golod,Vitali} Nf6 2. c4 e6 3. Nc3 Bb4 4. Qc2 O-O 5. a3 Bxc3+ 6. Qxc3 b6 7. Bg5 Bb7 8. e3 d6 9. Ne2 {This line became fashionable lately.} Nbd7 10. Qd3 (10. Qc2 {- see the annotated game Kacheishvili,G-Polgar,J/Batumi 1999/CBM 74 [Golod,V]}) ({The following game was played in the same tournament:} 10. Qd2 h6 11. Bh4 Ne4 12. Bxd8 Nxd2 13. Bxc7 Nxc4 14. Nc3 Rfc8 15. Nb5 Ba6 16. Bxc4 Bxb5 17. Bxb5 Rxc7 $11 {½-½ Kacheishvili,G-Almasi,Z/Rethymnon 2003 (23)}) ({RR} 10. Qc2) 10... Ba6 {A concrete approach. Black is trying to make the immediate use of white's last move.} (10... h6 11. Bh4 c5 (11... Re8 12. Nc3 a5 13. Be2 d5 14. cxd5 exd5 15. Qc2 c6 16. Bd3 Ba6 17. Bf5 Ra7 18. O-O-O b5 $13 {½-½ Van Wely,L-Zoler,D/Rethymnon 2003 (40)}) 12. Nc3 Qe7 13. Rd1 (13. Be2 cxd4 14. Qxd4 e5 15. Qd1 Bxg2 16. Rg1 Bc6 $15 {½-½ Bareev,E-Karpov,A/Cap d'Agde 2002/CBM 92 no vc (64)}) 13... Rfd8 14. Be2 (14. d5 Ne5 15. Qc2 Ng6 16. Bg3 exd5 17. cxd5 Nh5 18. Be2 Nxg3 19. hxg3 a6 20. a4 $14 {1-0 Gurevich,M-Gelashvili,T/Izmir 2003 (54)}) 14... cxd4 15. Qxd4 Nc5 16. Bxf6 Qxf6 17. Qxf6 gxf6 18. Nb5 (18. Rd4 Nb3 19. Rh4 Kg7 20. Kd1 d5 21. Kc2 Na5 22. cxd5 Bxd5 23. Nxd5 Rxd5 24. Rd1 Rc8+ 25. Kb1 {/= ½-½ Bareev,E-Leko,P/Monte Carlo 2003 (79)}) 18... d5 19. cxd5 Bxd5 20. Nc7 Bb3 21. Nxa8 Bxd1 22. Bxd1 Rxa8 23. Bc2 {/= ½-½ Bareev,E-Karpov,A/GMA, Wijk aan Zee NED 2003 (60)}) ({Possible is the immediate} 10... c5 {- see the game Gurevich,M-Mchedlishvili,M/Istanbul 2003/CBM 96 [Gurevich,M]}) 11. Nc3 $146 {This novelty does not yield white an opening advantage.} ({Just a few rounds before Kasparov as white played against Grischuk:} 11. b4 c5 12. b5 Bb7 13. Nc3 a6 14. f3 h6 15. Bh4 Qe7 16. Be2 cxd4 17. Qxd4 e5 18. Qd1 {and eventually won in a tough battle.}) ({RR} 11. b4) ({RR} 11. Qc2 c5 12. Rd1 cxd4 13. Rxd4 Qc7 14. Nc3 h6 ({RR} 14... Rfc8) 15. Bxf6 Nxf6 16. Qa4) 11... d5 12. Qc2 (12. b3 c5 $132) ({RR} 12. Qd1 Bxc4 13. Bxc4 dxc4 14. e4 ({RR} 14. Qe2) 14... h6 15. Bh4 e5 16. f4 ({RR} 16. O-O c5 17. dxe5 Nxe5 18. Nd5 g5 19. Bg3 Re8 ({RR} 19... Nd3 20. Bc7)) 16... exd4 ({RR} 16... exf4 17. e5) 17. Qxd4 Nc5) ({RR} 12. b3 c5 13. Be2 Rc8 14. Nb5 dxc4 15. bxc4 cxd4 16. exd4 Bxb5 17. cxb5 h6 18. Bh4 Qc7) 12... Bxc4 ({RR} 12... dxc4 13. Qa4 ({RR} 13. e4 h6 14. Bh4 c5 15. d5 ({RR} 15. e5 cxd4 16. exf6 g5 17. Bg3 dxc3 18. Rd1 cxb2 19. Be5 Nxe5 20. Rxd8 Rfxd8 21. Qxb2 c3 22. Qxc3 Rac8 23. Qa1 Bxf1 24. Kxf1 Nd3) 15... exd5 16. Nxd5 ({RR} 16. exd5 Ne5) 16... g5) 13... Qc8 14. Bxc4 Bxc4 15. Qxc4 c5 16. O-O ({RR} 16. dxc5 Qxc5 17. Qxc5 Nxc5 ({RR} 17... bxc5 18. O-O-O) 18. Bxf6 gxf6 19. Ke2) ({RR} 16. Bxf6 Nxf6 17. dxc5 Qxc5 18. Qxc5 bxc5 19. O-O-O Ng4) 16... cxd4 ({RR} 16... h6 17. Bxf6 Nxf6 18. dxc5 Qxc5 19. Qxc5 bxc5 20. Rac1 Rfc8 21. Rc2) 17. Qxd4 h6) 13. Bxc4 dxc4 14. Qa4 h6 15. Bh4 c5 {Black has solved his opening problems, but white still can hope to make use of the pin along the h4-d8 diagonal.} 16. Qxc4 cxd4 17. Qxd4 Nc5 {Forcing white to simplify the position.} ({Possible alternative is} 17... Qc7) ({RR} 17... g5 18. Bg3 Nc5 19. Rd1 ({RR} 19. h4 Nfe4 20. Nxe4 Qxd4 21. exd4 Nxe4) 19... Qxd4 20. Rxd4 Rfd8 21. h4 Rxd4 22. exd4 Ncd7 23. hxg5 hxg5 24. Ke2) ({RR} 17... Qc7 18. O-O Rfc8 19. Rfd1 Qc4 20. f3 Qxd4 21. Rxd4 Ne5 22. e4 Nh5) ({RR} 17... g5 18. Bg3 Nc5 19. Qxd8 Rfxd8 20. Ke2 Nfe4 21. Nxe4 Nxe4 22. Rhd1 Rac8 23. Rxd8+ Rxd8 24. f3 Nxg3+ 25. hxg3 Rc8 26. Kd3 Rd8+ 27. Ke2 Rc8 28. Kd3 Rd8+ 29. Ke2 Rc8 30. Kd3 Rd8+ {½-½ (30) Dreev,A (2635)-Kryvoruchko,Y (2686) Riga 2021}) ({RR} 17... Qc7 18. O-O Rfc8 19. Rfd1 Qc4 20. f3 Qxd4 21. Rxd4 Ne5 22. e4 Nh5 23. Bg3 Nxg3 24. hxg3 Kf8 25. Kf1 Nc4 26. Nd1 Ke7 27. Ke1 a6 28. Rc1 b5 29. Ke2 Nb6 30. Rxc8 Rxc8 31. Nc3 Nc4 32. Nd1 {Van Wely,L (2617)-Ivanchuk,V (2716) Monte Carlo 2004 ½-½ (50)}) 18. Bxf6 Qxf6 19. Qxf6 gxf6 20. O-O-O $146 ({RR} 20. Ke2 Rfd8 21. Rad1 ({RR} 21. g4 Nd3 22. Rab1 Rd7 ({RR} 22... Ne5 23. Rhd1 Rxd1 ({RR} 23... Rac8 24. Rxd8+ Rxd8 25. Rc1) 24. Rxd1 Nc4 25. Ne4 Nxb2 26. Rc1 Kg7 27. Rc7 Rd8 28. Rxa7) 23. Ne4 Kg7 24. Rhd1 Rad8) 21... Kf8 ({RR} 21... f5 22. Rxd8+ Rxd8) 22. g4 Ke7 23. h4 Rxd1 24. Rxd1 Rc8 25. f4 a6 ({RR} 25... Nb7 26. Ne4 ({RR} 26. h5 Nd6) 26... f5 ({RR} 26... Nc5 27. Rc1 Rb8 28. Nf2) 27. gxf5 exf5 28. Nc3) 26. h5 b5 ({RR} 26... Nb7) 27. Rc1 Kd7 28. Nd1 Ne4 29. Rxc8 Kxc8 30. Nf2 Nd6 ({RR} 30... Nxf2 31. Kxf2 Kd7 32. Kf3 Ke7 33. Ke4) 31. Kd3 Kd7 32. Ne4 Nc4 ({RR} 32... Ne8 33. Nc5+ Kc6 34. Nxa6 Nd6 35. Nb4+) 33. b3 Nxa3 34. Nc5+ Ke7 {Dreev,A (2682)-Kulaots,K (2530) Moscow 2004 CBM 100 [Golod,Vitali] 1-0 (37)}) ({RR} 20. Ke2 f5 21. Rad1 Rac8 22. Rd4 Rfd8 23. Rhd1 Rxd4 24. Rxd4 a6 25. h3 Kg7 26. g4 Kg6 27. f4 b5 28. Kf3 Rc6 29. Rd8 fxg4+ 30. hxg4 f5 31. Ne2 fxg4+ 32. Kxg4 Rb6 33. Nd4 Ne4 34. Kf3 Nd2+ {Neuman,P (2471)-Petrik,T (2534) Slovakia 2013 1-0 (58)}) 20... Rfc8 {[%cal Gc5e4] Possible was 20...Rfd8, but Kasparov as usual tries to play more dinamically even in such a boring positions.} 21. Kb1 f5 22. Rd4 Nb3 23. Rd3 Nc5 24. Rd4 Nb3 {Draw?} 25. Rh4 {Ivanchuk avoids the three throw repetition.} Kg7 26. Ka2 Nc5 27. Rd1 a6 {Covering the b5 square against white's possible knight jump.} (27... Rd8 $6 28. Rhd4) 28. Rhd4 (28. g4 $6 f4 $1 29. exf4 Rd8 {[%csl Yh4] and black is getting strong counterplay along the "d" file.}) 28... b5 29. g4 $1 (29. b4 Ne4 30. Nxe4 fxe4 31. Kb2 f5 $11) 29... fxg4 (29... e5 $6 30. Rd5 fxg4 31. Rxe5 $14) 30. Rxg4+ Kf8 31. Rh4 Ke7 $1 32. Rdd4 (32. Rxh6 Rd8 33. Rh4 Rxd1 34. Nxd1 Rd8 35. Rd4 Rh8 36. h4 e5 37. Rd5 Nd7 $11 {[%csl Rh4]}) 32... Rg8 33. Rxh6 (33. b4 Nb7 $5 34. Rxh6 Nd6 35. Rh5 Rg2 $44) 33... Rg2 {The activity of black's pieces compensates the lack of pawn.} 34. f4 Rd8 35. f5 (35. Rxd8 Kxd8 36. f5 Nd3 $11) 35... Rxd4 36. exd4 Nd3 37. fxe6 fxe6 38. d5 {Numerous pawns exchanges leads to inevitable draw.} Rxb2+ 39. Ka1 exd5 40. Nxd5+ Kd7 41. Nf4 Rd2 42. Nxd3 1/2-1/2

[Event "URS-ch55"]
[Site "Moscow"]
[Date "1988.07.??"]
[Round "7"]
[White "Karpov, Anatoly"]
[Black "Kasparov, Garry"]
[Result "1/2-1/2"]
[WhiteElo "2725"]
[BlackElo "2760"]
[PlyCount "59"]
[EventDate "1988.07.??"]
[EventType "tourn"]
[EventRounds "17"]
[EventCountry "URS"]
[EventCategory "14"]
[SourceTitle "URS-ch"]
[Source "ChessBase"]
[SourceDate "1999.07.01"]
[SourceVersion "1"]
[SourceVersionDate "1999.07.01"]
[SourceQuality "1"]

1. d4 Nf6 2. c4 e6 3. Nc3 Bb4 4. Qc2 O-O 5. a3 Bxc3+ 6. Qxc3 b6 7. e3 Bb7 8. b3 d5 9. Nf3 Nbd7 10. Be2 dxc4 11. bxc4 c5 12. O-O Rc8 13. Bb2 cxd4 14. exd4 b5 15. c5 a6 16. a4 Nd5 17. Qd2 b4 18. a5 Qc7 19. Rfc1 Qf4 20. Bf1 Rfd8 21. Qxf4 Nxf4 22. Ra4 Nd5 23. Nd2 Rc7 24. Raa1 Nb8 25. Nc4 Bc6 $146 ({RR} 25... Nc6 26. Nd6 Ra8 27. Rc4 Nce7 28. g3 Bc6 29. Rc2 h6 30. Bc1 Rca7 31. Bd2 Bb5 32. Nxb5 axb5 33. Bxb5 Rxa5 34. Rxa5 Rxa5 35. Bc4 Nc6 36. Rb2 Nxd4 37. Bxb4 Nxb4 38. Rxb4 Rxc5 39. Rb8+ Kh7 40. Bd3+ {Pekarek,A (2455)-Stohl,I (2445) Trinec 1988 ½-½ (49)}) 26. Nd6 Ra7 27. f3 Ne7 28. Rc4 Nd5 29. Rcc1 Ne7 30. Rc4 1/2-1/2

[Event "Belgrade Investbank"]
[Site "Belgrade"]
[Date "1989.11.??"]
[Round "7"]
[White "Kozul, Zdenko"]
[Black "Kasparov, Garry"]
[Result "0-1"]
[WhiteElo "2560"]
[BlackElo "2775"]
[Annotator "Ftacnik,Lubomir"]
[PlyCount "42"]
[EventDate "1989.11.??"]
[EventType "tourn"]
[EventRounds "11"]
[EventCountry "YUG"]
[EventCategory "15"]
[SourceTitle "CBM 016"]
[Source "ChessBase"]
[SourceDate "1990.06.01"]
[SourceVersion "1"]
[SourceVersionDate "1990.06.01"]
[SourceQuality "1"]

1. d4 Nf6 2. c4 e6 3. Nc3 Bb4 4. Qc2 O-O 5. Bg5 h6 6. Bh4 c5 7. dxc5 Na6 8. a3 {N} Bxc3+ 9. Qxc3 Nxc5 10. Bxf6 Qxf6 11. Qxf6 gxf6 12. b4 Na4 13. e3 b6 14. Nf3 Ba6 15. Nd2 $146 ({RR} 15. Be2 Rac8 16. Nd2 Nb2 17. Ne4 f5 18. Nf6+ Kg7 19. Nxd7 Rfd8 20. Ne5 Nxc4 21. Nxc4 Bxc4 22. Rc1 Bb3 23. Rxc8 Rxc8 24. O-O Rc2 25. Bd1 Rb2 26. Bxb3 Rxb3 27. Ra1 Kf6 28. Kf1 Rb2 29. Rc1 Ra2 {Matras,O (2261)-Von Mettenheim,J (1953) Prague 2021 ½-½ (55)}) ({RR} 15. Be2 Rac8 16. Nd2 f5 17. f3 Rc7 18. Rg1 Rfc8 19. g4 fxg4 20. Rxg4+ Kf8 21. Kf2 Nc3 22. b5 Bb7 23. Bd3 d5 24. Rag1 Ke7 25. Rg8 Nd1+ 26. Ke2 dxc4 27. Bxc4 Nb2 28. Rxc8 Rxc8 29. Rg4 Rc5 {Craciun,I (1995)-Rego,P (2254) Lisbon 2015 0-1 (44)}) 15... Bb7 16. Bd3 Rac8 $10 17. Rc1 d5 18. Ke2 dxc4 19. Nxc4 (19. Rxc4 Nb2 20. Rxc8 Rxc8) 19... Rfd8 20. Rhd1 Ba6 21. Rd2 $4 b5 {Ftacnik} 0-1